000 00324 a2200157 4500
001 180117
020 _a
040 _cMagnum
100 _aGaldino, Luiz
240 1 0 _aSacici siriri sici
_lpor
245 1 0 _aSacici siriri sici
300 _a48
362 0 _a1985
697 _aLITERATURA INFANTO-JUVENIL
942 _cBK
999 _c180117
_d180117